000 00629nam a2200229Ia 4500
003 OSt
005 20220928131056.0
006 a|||||r|||| 00| 0
007 ta
008 220927b |||||||| |||| 00| 0 eng d
024 _a70876
037 _cTextual
040 _aSDCL
_cSDCL
_beng
041 _2eng
_aeng
082 _aX9.2'P, P1
100 _aAgarwala P N
_9364389
245 0 _aComprehensive history of business in India from 3000 BC to 2000AD.
260 _aNew Delhi
_bMcGraw-Hill
_c2001
300 _axxiii,722p
_ccm.
942 _hX9.2'P, P1
_cTEXL
_2CC
999 _c789453
_d789453